000 00521nam a2200169Ia 4500
003 GCL
008 140319s9999 xx 000 0 ara d
040 _aGCL /
_cGCL
082 0 4 _aم
_b920.72
_bع ا
100 1 _aعمر رضا كحالة
245 1 0 _aاعلام النساء فى عالمى العرب والاسلام /
_cعمر رضا كحالة
260 _a[S.N] :
_bمؤسسة الرسالة ،
_c1991
300 _aمتعدد
650 0 4 _aالاسلام
650 0 4 _aنساء النبى
942 _2ddc
_cREF
999 _c59249
_d59249